[Event "Bijnor op"]
[Site "Bijnor"]
[Date "2024.03.20"]
[Round "8"]
[White "Dutta, Joydeep"]
[Black "Sai Agni, Jeevitesh J"]
[Result "1/2-1/2"]
[WhiteElo "2041"]
[BlackElo "2285"]
[PlyCount "157"]
[EventDate "2024.03.17"]
[EventType "swiss"]
[EventRounds "9"]
[EventCountry "IND"]
[SourceTitle "CBM 219 Extra"]
[Source "ChessBase"]
[SourceDate "2024.05.31"]
[SourceVersion "1"]
[SourceVersionDate "2024.05.31"]
[SourceQuality "1"]

1. d4 Nf6 2. c4 e6 3. g3 d5 4. Nf3 Bb4+ 5. Bd2 a5 6. a3 Be7 7. Qc2 0-0 8. Bg2 c6 9. 0-0 Nbd7 10. Bg5 a4 11. Nbd2 h6 12. Bxf6 Nxf6 13. Rfd1 Qa5 14. Rac1 Rd8 15. e3 Bd7 16. Qc3 Qa7 17. Ne5 Be8 18. Qc2 Rac8 19. cxd5 exd5 20. Nb1 Bd6 21. Bh3 Rc7 22. Nc3 Ra8 23. Qe2 Re7 24. Nd3 Bd7 25. Bxd7 Nxd7 26. Qf3 Rae8 27. Rc2 Nb6 28. Ne1 Re6 29. Ng2 Qa5 30. Qe2 Nc4 31. Rcc1 b5 32. Qc2 f5 33. h4 h5 34. Ra1 g6 35. Ne2 Kg7 36. Nc3 Rb8 37. Ra2 Ree8 38. Raa1 Qc7 39. Rd3 Rb7 40. Rdd1 Reb8 41. Ra2 Qe7 42. Rf1 Qf6 43. Rd1 Kh8 44. Qe2 Rg8 45. Qf3 Qe6 46. Qe2 Re7 47. Qf3 Reg7 48. Kf1 Qf7 49. Kg1 Qb7 50. Qe2 Ra8 51. Rda1 Qb8 52. Rd1 Rga7 53. Qc2 Kg7 54. Rda1 Rb7 55. Qe2 Bc7 56. Qc2 Qe8 57. Qe2 Ba5 58. Nf4 Re7 59. Ng2 Qd7 60. Qd3 Bc7 61. Ne2 Re4 62. Nc3 Rg4 63. Ne2 Re4 64. Nc3 Re7 65. Rd1 Rae8 66. Rc1 Qd6 67. Ne2 b4 68. axb4 Qxb4 69. Qc2 Rb8 70. Rxa4 Qxb2 71. Ra2 Qxc2 72. Rcxc2 Rb6 73. Ra7 Bd6 74. Rxe7+ Bxe7 75. Ngf4 Kf6 76. Ra2 Bd6 77. Kg2 Ba3 78. Nd3 Rb3 79. Ne5 1/2-1/2

[Event "Bijnor op"]
[Site "Bijnor"]
[Date "2024.03.18"]
[Round "4"]
[White "Dutta, Joydeep"]
[Black "Shaurya, Chaudhary"]
[Result "1-0"]
[WhiteElo "2041"]
[BlackElo "1731"]
[PlyCount "53"]
[EventDate "2024.03.17"]
[EventType "swiss"]
[EventRounds "9"]
[EventCountry "IND"]
[SourceTitle "CBM 219 Extra"]
[Source "ChessBase"]
[SourceDate "2024.05.31"]
[SourceVersion "1"]
[SourceVersionDate "2024.05.31"]
[SourceQuality "1"]

1. d4 d5 2. c4 c6 3. Nf3 e6 4. e3 f5 5. g4 fxg4 6. Ne5 Nf6 7. Nc3 Bd6 8. Nxg4 Nxg4 9. Qxg4 Qf6 10. Rg1 0-0 11. Qg2 e5 12. cxd5 exd4 13. Ne4 Bb4+ 14. Kd1 Qe5 15. f4 Qh5+ 16. Be2 Qf7 17. a3 dxe3 18. axb4 cxd5 19. Nd6 Qe7 20. Qg5 Qxg5 21. Rxg5 d4 22. Nxc8 Rxc8 23. b5 Rd8 24. Bf3 Rd7 25. Ra4 a6 26. Rd5 d3 27. Bxe3 1-0

[Event "Titled Tuesday intern op 7th July"]
[Site "Chess.com INT"]
[Date "2020.07.07"]
[Round "1"]
[White "Davtyan, Artur"]
[Black "Dutta, Joydeep"]
[Result "1-0"]
[WhiteElo "2461"]
[BlackElo "2101"]
[PlyCount "87"]
[EventDate "2020.07.07"]
[EventType "swiss (blitz)"]
[EventRounds "10"]
[EventCountry "USA"]
[SourceTitle "CBM 197 Extra"]
[Source "ChessBase"]
[SourceDate "2020.09.30"]
[SourceVersion "1"]
[SourceVersionDate "2020.09.30"]
[SourceQuality "1"]

1. d4 d5 2. c4 e6 3. Nc3 Bb4 4. cxd5 exd5 5. Qa4+ Nc6 6. Nf3 Nf6 7. Bf4 0-0 8. e3 Ne4 9. Rc1 Bd7 10. Qc2 Bf5 11. Bd3 Nxc3 12. bxc3 Bxd3 13. Qxd3 Bd6 14. Bxd6 Qxd6 15. 0-0 h6 16. c4 Nb4 17. Qb3 dxc4 18. Rxc4 a5 19. a3 b5 20. Rc5 Na6 21. Rxb5 Rab8 22. Qc4 Qxa3 23. Rxb8 Nxb8 24. Qxc7 a4 25. Ne5 Qb3 26. h3 a3 27. Qc4 Qb2 28. Nd3 Qd2 29. Ra1 Nd7 30. Rxa3 Nb6 31. Qc3 Qd1+ 32. Qe1 Qc2 33. Qc1 Qe2 34. Nf4 Qb5 35. Qc5 Qb1+ 36. Kh2 Nd7 37. Qd6 Nf6 38. f3 Qc2 39. e4 Qd2 40. Nd3 Rc8 41. Qf4 Qe2 42. Qf5 Rc2 43. Ra8+ Ne8 44. Rxe8# 1-0

[Event "Titled Tuesday intern op 30th June"]
[Site "Chess.com INT"]
[Date "2020.06.30"]
[Round "3"]
[White "Dutta, Joydeep"]
[Black "Okike, David"]
[Result "0-1"]
[WhiteElo "2101"]
[BlackElo "2177"]
[PlyCount "78"]
[EventDate "2020.06.30"]
[EventType "swiss (blitz)"]
[EventRounds "10"]
[EventCountry "USA"]
[SourceTitle "CBM 197 Extra"]
[Source "ChessBase"]
[SourceDate "2020.09.30"]
[SourceVersion "1"]
[SourceVersionDate "2020.09.30"]
[SourceQuality "1"]

1. d4 Nf6 2. c4 e6 3. g3 Bb4+ 4. Qd2 Bxd2+ 5. Nxd2 d6 6. Bg2 0-0 7. e3 Nc6 8. Ne2 e5 9. 0-0 Bg4 10. f3 Bf5 11. e4 Bd7 12. d5 Nd4 13. Nc3 c6 14. Nb3 cxd5 15. cxd5 Nxb3 16. axb3 Qb6+ 17. Kh1 Qxb3 18. f4 Qb6 19. fxe5 dxe5 20. Bg5 Ng4 21. h3 Ne3 22. Rf3 Nxg2 23. Kxg2 f6 24. Bc1 Rac8 25. g4 a6 26. Kg3 Rc4 27. Be3 Qxb2 28. Rb1 Qxc3 29. Rxb7 Rc7 30. Rb6 Qc4 31. Rd6 Qxe4 32. Bb6 Rb7 33. Rc3 h5 34. Bf2 hxg4 35. hxg4 Qxg4+ 36. Kh2 Bf5 37. Rg3 Qf4 38. Kg2 Be4+ 39. Kg1 Rb1+ 0-1

[Event "Titled Tuesday intern op 30th June"]
[Site "Chess.com INT"]
[Date "2020.06.30"]
[Round "2"]
[White "Gabrielian, Artur"]
[Black "Dutta, Joydeep"]
[Result "1-0"]
[WhiteElo "2463"]
[BlackElo "2101"]
[PlyCount "81"]
[EventDate "2020.06.30"]
[EventType "swiss (blitz)"]
[EventRounds "10"]
[EventCountry "USA"]
[SourceTitle "CBM 197 Extra"]
[Source "ChessBase"]
[SourceDate "2020.09.30"]
[SourceVersion "1"]
[SourceVersionDate "2020.09.30"]
[SourceQuality "1"]

1. e4 e5 2. Nc3 Nf6 3. g3 Bc5 4. Bg2 d6 5. Nge2 c6 6. 0-0 Bb6 7. h3 0-0 8. d4 Re8 9. Be3 h6 10. Qd2 exd4 11. Bxd4 Bxd4 12. Nxd4 d5 13. exd5 Nxd5 14. Nxd5 cxd5 15. Rfe1 Be6 16. Nxe6 fxe6 17. c4 Nc6 18. cxd5 exd5 19. Qxd5+ Qxd5 20. Bxd5+ Kf8 21. Kf1 Rad8 22. Bxc6 bxc6 23. Rxe8+ Kxe8 24. Rc1 Rd2 25. Rxc6 Rxb2 26. Ra6 Rb7 27. g4 Kf7 28. Kg2 Rd7 29. h4 g6 30. Kg3 Kg7 31. f3 Rf7 32. f4 Rc7 33. h5 gxh5 34. gxh5 Kh7 35. Kg4 Rf7 36. a4 Kg7 37. f5 Rc7 38. Rg6+ Kh7 39. Ra6 Kg7 40. Kf4 Re7 41. f6+ 1-0

[Event "Titled Tuesday intern op 23rd June"]
[Site "Chess.com INT"]
[Date "2020.06.23"]
[Round "4"]
[White "Dutta, Joydeep"]
[Black "Djokic, Mihailo"]
[Result "1-0"]
[WhiteElo "2101"]
[BlackElo "2232"]
[PlyCount "114"]
[EventDate "2020.06.23"]
[EventType "swiss (blitz)"]
[EventRounds "10"]
[EventCountry "USA"]
[SourceTitle "CBM 197 Extra"]
[Source "ChessBase"]
[SourceDate "2020.09.30"]
[SourceVersion "1"]
[SourceVersionDate "2020.09.30"]
[SourceQuality "1"]

1. d4 Nf6 2. c4 g6 3. Nc3 Bg7 4. e4 d6 5. Nf3 0-0 6. Be2 e5 7. 0-0 Nc6 8. d5 Ne7 9. Ne1 Nd7 10. Nd3 f5 11. f3 f4 12. Bd2 g5 13. a4 Ng6 14. a5 a6 15. b4 Nf6 16. c5 Rf7 17. Na4 Bf8 18. Rc1 Rg7 19. cxd6 Bxd6 20. Nac5 Qe7 21. Nf2 h5 22. Ne6 Bxe6 23. dxe6 Bxb4 24. Bxb4 Qxb4 25. Rb1 Qxa5 26. Rxb7 Kh7 27. Qa1 Qxa1 28. Rxa1 a5 29. Rb5 Re7 30. Bc4 a4 31. Nd3 Ne8 32. Rb4 a3 33. Bd5 Ra6 34. Nc5 Ra5 35. Nb7 Ra7 36. Nd8 c5 37. Rc4 Rec7 38. Nf7 Kg7 39. Nxg5 Ne7 40. Nf7 Nf6 41. Nxe5 Nexd5 42. exd5 Nxd5 43. Nd3 a2 44. Nxf4 Nxf4 45. Rxf4 Re7 46. Re4 Reb7 47. Ree1 Rb6 48. e7 Rxe7 49. Rxe7+ Kf6 50. Ree1 c4 51. Rxa2 c3 52. Rc2 Rc6 53. Rec1 Ke5 54. Rxc3 Ra6 55. Re3+ Kd4 56. Rce1 Ra2 57. R3e2 h4 1-0

[Event "Titled Tuesday intern op 23rd June"]
[Site "Chess.com INT"]
[Date "2020.06.23"]
[Round "10"]
[White "Dutta, Joydeep"]
[Black "Mikhalsky, Vladimir"]
[Result "0-1"]
[WhiteElo "2101"]
[BlackElo "2290"]
[PlyCount "104"]
[EventDate "2020.06.23"]
[EventType "swiss (blitz)"]
[EventRounds "10"]
[EventCountry "USA"]
[SourceTitle "CBM 197 Extra"]
[Source "ChessBase"]
[SourceDate "2020.09.30"]
[SourceVersion "1"]
[SourceVersionDate "2020.09.30"]
[SourceQuality "1"]

1. d4 Nf6 2. c4 g6 3. Nc3 Bg7 4. e4 0-0 5. Nf3 d6 6. Be2 e5 7. 0-0 Nc6 8. d5 Ne7 9. Ne1 Nd7 10. Nd3 f5 11. f3 a5 12. Bd2 f4 13. a4 b6 14. b4 axb4 15. Nxb4 Nc5 16. Be1 Bd7 17. Nb5 g5 18. Bf2 h5 19. Bxc5 dxc5 20. Nd3 Nc8 21. Qd2 Nd6 22. Nf2 Ra5 23. Rfb1 Rf6 24. Nd3 Nxc4 25. Qc3 Bxb5 26. axb5 Rxa1 27. Rxa1 Ne3 28. Ra7 Rf8 29. Qa3 g4 30. Nb2 h4 31. Nc4 Nc2 32. Qa6 Nd4 33. Bd1 h3 34. d6 gxf3 35. dxc7 Qg5 36. Qa2 fxg2 37. Nxe5+ Kh7 38. Nf3 Nxf3+ 39. Bxf3 Qe5 40. c8Q Rxc8 41. Qf2 Qd4 42. Rxg7+ Kxg7 43. e5 Re8 44. e6 Rxe6 45. Qxd4+ cxd4 46. Kf2 d3 47. Bd1 d2 48. Kf3 g1Q 49. Kxf4 Qe3+ 50. Kf5 Rf6+ 51. Kg4 Rf4+ 52. Kg5 Qe5# 0-1

[Event "Titled Tuesday intern op 16th June"]
[Site "Chess.com INT"]
[Date "2020.06.16"]
[Round "2"]
[White "Dutta, Joydeep"]
[Black "Osmak, Iulija"]
[Result "0-1"]
[WhiteElo "2101"]
[BlackElo "2438"]
[PlyCount "34"]
[EventDate "2020.06.16"]
[EventType "swiss (blitz)"]
[EventRounds "10"]
[EventCountry "USA"]
[SourceTitle "EXT 2021"]
[Source "ChessBase"]
[SourceDate "2020.10.23"]
[SourceVersion "1"]
[SourceVersionDate "2020.10.23"]
[SourceQuality "1"]

1. d4 Nf6 2. c4 g6 3. Nc3 d5 4. cxd5 Nxd5 5. Bd2 Nb6 6. e4 Qxd4 7. Qc2 Qd8 8. Rd1 N8d7 9. a4 a5 10. Bf4 c6 11. Nb5 e5 12. Bxe5 Bb4+ 13. Ke2 0-0 14. Nd6 Nxe5 15. Nxf7 Qf6 16. Nh6+ Kg7 17. f4 Qxf4 0-1

[Event "Titled Tuesday intern op 9th June"]
[Site "Chess.com INT"]
[Date "2020.06.09"]
[Round "5"]
[White "Vivas Zamora, Fabian Ernesto"]
[Black "Dutta, Joydeep"]
[Result "1-0"]
[WhiteElo "2344"]
[BlackElo "2101"]
[PlyCount "61"]
[EventDate "2020.06.09"]
[EventType "swiss (blitz)"]
[EventRounds "10"]
[EventCountry "USA"]
[SourceTitle "CBM 196 Extra"]
[Source "ChessBase"]
[SourceDate "2020.07.31"]
[SourceVersion "1"]
[SourceVersionDate "2020.07.31"]
[SourceQuality "1"]

1. e4 e5 2. Nf3 Nc6 3. d4 exd4 4. Bc4 Nf6 5. e5 d5 6. Bb5 Ne4 7. Nxd4 Bd7 8. Bxc6 bxc6 9. 0-0 Bc5 10. f3 Ng5 11. f4 Ne4 12. Be3 0-0 13. Nd2 Nxd2 14. Qxd2 f6 15. Nb3 Bb6 16. Bc5 Re8 17. Rae1 fxe5 18. fxe5 a5 19. a4 Rb8 20. Kh1 Re6 21. Rf8+ Qxf8 22. Bxf8 Rxf8 23. h3 Rh6 24. Nd4 c5 25. e6 Bc8 26. e7 Re8 27. Nf5 Bxf5 28. Qxd5+ Kh8 29. Qxf5 Rf6 30. Qd7 Rxe7 31. Qd8+ 1-0

[Event "Titled Tuesday intern op 6th June"]
[Site "Chess.com INT"]
[Date "2020.06.02"]
[Round "4"]
[White "Necula, Iulian"]
[Black "Dutta, Joydeep"]
[Result "1/2-1/2"]
[WhiteElo "1890"]
[BlackElo "2101"]
[PlyCount "87"]
[EventDate "2020.06.02"]
[EventType "swiss (blitz)"]
[EventRounds "10"]
[EventCountry "USA"]
[SourceTitle "CBM 196 Extra"]
[Source "ChessBase"]
[SourceDate "2020.07.31"]
[SourceVersion "1"]
[SourceVersionDate "2020.07.31"]
[SourceQuality "1"]

1. f4 e5 2. fxe5 d6 3. exd6 Bxd6 4. Nf3 g5 5. g3 g4 6. Nh4 Ne7 7. d4 Ng6 8. Nxg6 hxg6 9. Qd3 Nc6 10. c3 Qe7 11. e4 Bf5 12. Bg2 0-0-0 13. Be3 Rde8 14. Nd2 Rxh2 15. Rxh2 Bxg3+ 16. Kd1 Bxh2 17. exf5 Qxe3 18. Qxe3 Rxe3 19. fxg6 fxg6 20. Bxc6 bxc6 21. Nc4 Re8 22. Kd2 g3 23. Ne3 Rf8 24. Ng4 Rf4 25. Nxh2 gxh2 26. Rh1 Rf2+ 27. Ke3 Rxb2 28. a4 g5 29. Kf3 Rc2 30. Kg4 Rxc3 31. Rxh2 Rc4 32. Rd2 c5 33. Kxg5 Rxd4 34. Rc2 Rxa4 35. Rxc5 Re4 36. Kf5 Re1 37. Rb5 c6 38. Rb2 Kc7 39. Ra2 Kb6 40. Rb2+ Kc5 41. Rc2+ Kb6 42. Rb2+ Kc7 43. Ra2 Kb6 44. Rb2+ 1/2-1/2

[Event "Titled Tuesday intern op 6th June"]
[Site "Chess.com INT"]
[Date "2020.06.02"]
[Round "1"]
[White "Papp, Levente"]
[Black "Dutta, Joydeep"]
[Result "1-0"]
[WhiteElo "2361"]
[BlackElo "2101"]
[PlyCount "71"]
[EventDate "2020.06.02"]
[EventType "swiss (blitz)"]
[EventRounds "10"]
[EventCountry "USA"]
[SourceTitle "CBM 196 Extra"]
[Source "ChessBase"]
[SourceDate "2020.07.31"]
[SourceVersion "1"]
[SourceVersionDate "2020.07.31"]
[SourceQuality "1"]

1. c4 Nf6 2. Nc3 e6 3. e4 d5 4. cxd5 exd5 5. e5 d4 6. exf6 dxc3 7. Bb5+ c6 8. Qe2+ Be6 9. Bc4 Qxf6 10. dxc3 Nd7 11. Nf3 0-0-0 12. Bg5 Bxc4 13. Qxc4 Re8+ 14. Be3 Bc5 15. 0-0-0 Bxe3+ 16. fxe3 Rxe3 17. Qg4 Rd8 18. Rd2 Qe6 19. Qxg7 Qxa2 20. Qd4 Ree8 21. Rhd1 Qa5 22. Qg4 h5 23. Qf4 Qc7 24. Qxf7 Nc5 25. Qf5+ Nd7 26. Qxh5 Qf4 27. Qa5 Kb8 28. Kb1 Qc7 29. Qf5 Nb6 30. Rxd8+ Rxd8 31. Rxd8+ Qxd8 32. Kc2 Nd5 33. Qe5+ Ka8 34. h4 a5 35. h5 Qg8 36. Ng5 1-0

[Event "Titled Tuesday intern op 28th Apr"]
[Site "Chess.com INT"]
[Date "2020.04.28"]
[Round "4"]
[White "Huda, Maryana"]
[Black "Dutta, Joydeep"]
[Result "1-0"]
[WhiteElo "2128"]
[BlackElo "2101"]
[PlyCount "63"]
[EventDate "2020.04.28"]
[EventType "swiss (blitz)"]
[EventRounds "10"]
[EventCountry "USA"]
[SourceTitle "EXT 2021"]
[Source "ChessBase"]
[SourceDate "2020.10.23"]
[SourceVersion "1"]
[SourceVersionDate "2020.10.23"]
[SourceQuality "1"]

1. e4 e5 2. Nf3 Nc6 3. Bc4 Nf6 4. d3 Bc5 5. c3 a6 6. Bb3 Ba7 7. Be3 d6 8. Bxa7 Rxa7 9. Nbd2 Ra8 10. Qe2 0-0 11. h3 b5 12. a4 Be6 13. Bc2 b4 14. Nf1 Rb8 15. d4 bxc3 16. d5 cxb2 17. Rb1 Nb4 18. dxe6 Na2 19. exf7+ Kh8 20. Qc4 Nb4 21. Ne3 d5 22. exd5 Nfxd5 23. Nxd5 Nxd5 24. 0-0 Nf4 25. Qe4 Ng6 26. Nxe5 Qf6 27. Nd7 Qxf7 28. Nxf8 Qxf8 29. Qd4 Nf4 30. Rfe1 Rb4 31. Qxb4 Qa8 32. Qxf4 1-0

[Event "Titled Tuesday intern op 21st April"]
[Site "Chess.com INT"]
[Date "2020.04.21"]
[Round "5"]
[White "Markidis, Konstantinos"]
[Black "Dutta, Joydeep"]
[Result "0-1"]
[WhiteElo "2148"]
[BlackElo "2101"]
[PlyCount "130"]
[EventDate "2020.04.21"]
[EventType "swiss (blitz)"]
[EventRounds "10"]
[EventCountry "USA"]
[SourceTitle "EXT 2021"]
[Source "ChessBase"]
[SourceDate "2020.10.23"]
[SourceVersion "1"]
[SourceVersionDate "2020.10.23"]
[SourceQuality "1"]

1. e4 e5 2. Nf3 Nc6 3. Bb5 a6 4. Ba4 Nf6 5. 0-0 Be7 6. Re1 b5 7. Bb3 d6 8. c3 0-0 9. h3 Bb7 10. d4 Re8 11. Nbd2 Bf8 12. a3 Nb8 13. Bc2 h6 14. b4 Nbd7 15. Bb2 c6 16. c4 exd4 17. Nxd4 c5 18. Nf5 g6 19. Ng3 Bg7 20. Rb1 Qc7 21. Bb3 Ne5 22. Bxe5 Rxe5 23. Rc1 Rae8 24. cxb5 axb5 25. bxc5 dxc5 26. Nf3 R5e7 27. e5 c4 28. exf6 Bxf3 29. Rxe7 Qxe7 30. Qxf3 Qxf6 31. Bxc4 Qxf3 32. gxf3 bxc4 33. Rxc4 Ra8 34. a4 h5 35. Ne4 Be5 36. Nc5 Rc8 37. a5 Bd6 38. a6 Rxc5 39. a7 Rxc4 40. a8Q+ Kg7 41. Qd5 Rc1+ 42. Kg2 Be7 43. Qd2 Rc6 44. Qd5 Re6 45. Qd7 Bf6 46. Qd5 Re5 47. Qd7 Rg5+ 48. Kf1 Re5 49. Qd6 Re7 50. Qd5 Re6 51. Qd3 Rb6 52. f4 Rb2 53. Kg2 Bh4 54. Qd4+ Bf6 55. Qd3 Rb4 56. f5 g5 57. Qd6 Rb2 58. Qd3 Rb4 59. Qf3 Rd4 60. Qxh5 Rf4 61. Qe2 Rxf5 62. Qe4 Re5 63. Qd3 Re6 64. f4 gxf4 65. Qf5 Re2+ 0-1

[Event "BAN-chT"]
[Site "Dhaka"]
[Date "2019.12.17"]
[Round "11.2"]
[White "Dutta, Joydeep"]
[Black "Chowdhury, Sohel"]
[Result "1-0"]
[WhiteElo "2060"]
[BlackElo "2088"]
[PlyCount "77"]
[EventDate "2019.12.07"]
[EventType "team-tourn"]
[EventRounds "11"]
[EventCountry "BAN"]
[SourceTitle "CBM 194 Extra"]
[Source "ChessBase"]
[SourceDate "2020.03.31"]
[SourceVersion "1"]
[SourceVersionDate "2020.03.31"]
[SourceQuality "1"]
[WhiteTeam "Bangladesh Biman"]
[BlackTeam "Titas CC"]
[WhiteTeamCountry "BAN"]
[BlackTeamCountry "BAN"]

1. d4 d5 2. c4 c6 3. Nf3 Nf6 4. e3 e6 5. Nbd2 Nbd7 6. Bd3 Bd6 7. 0-0 0-0 8. e4 dxe4 9. Nxe4 Nxe4 10. Bxe4 f5 11. Bc2 Nf6 12. Qe2 Qc7 13. c5 Bf4 14. Bb3 Nd5 15. Bxf4 Qxf4 16. Qe5 Qh6 17. Rfe1 a5 18. Qd6 a4 19. Bxd5 cxd5 20. b4 Qf6 21. a3 Rd8 22. Qf4 Bd7 23. Re3 h6 24. h4 Be8 25. Rae1 Bf7 26. b5 Re8 27. Ne5 Rad8 28. b6 g5 29. hxg5 hxg5 30. Rg3 Kf8 31. Rxg5 Ke7 32. c6 Rb8 33. Nd7 Qh6 34. Nxb8 Rh8 35. f3 Rxb8 36. Qxb8 Qxg5 37. cxb7 Qd2 38. Qc7+ Kf6 39. Qe5+ 1-0

[Event "Udaipur Lakecity op 3rd"]
[Site "Udaipur"]
[Date "2019.03.30"]
[Round "5"]
[White "Aaditya, Dhingra"]
[Black "Dutta, Joydeep"]
[Result "1/2-1/2"]
[WhiteElo "1742"]
[BlackElo "2097"]
[PlyCount "97"]
[EventDate "2019.03.28"]
[EventType "swiss"]
[EventRounds "8"]
[EventCountry "IND"]
[SourceTitle "CBM 189 Extra"]
[Source "ChessBase"]
[SourceDate "2019.05.31"]
[SourceVersion "1"]
[SourceVersionDate "2019.05.31"]
[SourceQuality "1"]

1. e4 d5 2. exd5 Qxd5 3. Nf3 Nf6 4. d4 c6 5. Be2 Bf5 6. 0-0 Nbd7 7. c4 Qa5 8. Nc3 e6 9. Bf4 Be7 10. a3 0-0 11. b4 Qd8 12. Qb3 Ne4 13. Nxe4 Bxe4 14. Rfd1 Qc8 15. Rac1 Re8 16. Nd2 Bf5 17. Nf1 h6 18. Ne3 Bh7 19. d5 c5 20. dxe6 fxe6 21. Ng4 Nf6 22. Qg3 Kh8 23. Ne5 Rf8 24. Bd3 Qe8 25. Bxh7 Kxh7 26. Qd3+ Kg8 27. Qh3 cxb4 28. Qxe6+ Kh7 29. axb4 Ng8 30. Nd3 Bxb4 31. Qxe8 Raxe8 32. Rb1 a5 33. Be3 Re4 34. Nxb4 axb4 35. Rxb4 Rc8 36. h3 Rc7 37. Rdb1 Rexc4 38. Rxb7 Nf6 39. Rxc7 Rxc7 40. Rb5 Rd7 41. g4 Rd5 42. Rxd5 Nxd5 43. Bd2 g5 44. Kg2 Kg6 45. h4 Nf6 46. f3 gxh4 47. Kh3 h5 48. g5 Ng8 49. Be3 1/2-1/2

[Event "Dubai op 19th"]
[Site "Dubai"]
[Date "2017.04.03"]
[Round "1"]
[White "Dutta, Joydeep"]
[Black "Salgado Lopez, Ivan"]
[Result "0-1"]
[WhiteElo "2145"]
[BlackElo "2641"]
[PlyCount "78"]
[EventDate "2017.04.03"]
[EventType "swiss"]
[EventRounds "9"]
[EventCountry "UAE"]
[SourceTitle "CBM 177 Extra"]
[Source "ChessBase"]
[SourceDate "2017.04.27"]
[SourceVersion "1"]
[SourceVersionDate "2017.04.27"]
[SourceQuality "1"]

1. d4 f5 2. Nc3 Nf6 3. Bg5 d5 4. e3 e6 5. Nf3 Nc6 6. g4 fxg4 7. Ne5 Be7 8. Bb5 0-0 9. Bxc6 bxc6 10. Nxc6 Qe8 11. Nxe7+ Qxe7 12. Qd2 Bd7 13. Rg1 Rab8 14. b3 Qa3 15. Bxf6 Rxf6 16. Rxg4 Rh6 17. Rg2 Be8 18. f4 c5 19. Kf2 Bg6 20. Na4 cxd4 21. Qxd4 Qe7 22. Rag1 Rc8 23. c3 Rc7 24. Ke1 Be4 25. Rf2 Rh5 26. Rg3 Rf5 27. b4 Rc4 28. Qd2 Rf7 29. Rg5 Bf5 30. Nb2 Rc8 31. Qd4 h6 32. Rg3 Be4 33. Rg1 Rf5 34. Rg3 e5 35. fxe5 Rxf2 36. Kxf2 Rf8+ 37. Ke1 Qf7 38. Nd1 Qf1+ 39. Kd2 Qh1 0-1

[Event "Mumbai Mayors Cup 9th"]
[Site "Mumbai"]
[Date "2016.06.03"]
[Round "3"]
[White "Dutta, Joydeep"]
[Black "Amonatov, Farrukh"]
[Result "0-1"]
[WhiteElo "2226"]
[BlackElo "2614"]
[PlyCount "96"]
[EventDate "2016.06.02"]
[EventType "swiss"]
[EventRounds "10"]
[EventCountry "IND"]
[SourceTitle "CBM 173 Extra"]
[Source "ChessBase"]
[SourceDate "2016.08.29"]
[SourceVersion "1"]
[SourceVersionDate "2016.08.29"]
[SourceQuality "1"]

1. d4 g6 2. c4 Nf6 3. Nc3 Bg7 4. g3 0-0 5. Bg2 d6 6. Nf3 Nbd7 7. 0-0 e5 8. e4 c6 9. h3 exd4 10. Nxd4 Qb6 11. Nde2 Qc7 12. Bf4 Ne5 13. b3 a5 14. Be3 Re8 15. Rc1 Qe7 16. Nf4 Nfd7 17. Qe2 Nc5 18. Rfd1 b6 19. Rd2 Ba6 20. Qd1 Rad8 21. Nfe2 Bf8 22. Nd4 Bb7 23. f4 Ned7 24. Bf2 Nf6 25. Re2 Qd7 26. Rcc2 d5 27. e5 Nfe4 28. Nxe4 Nxe4 29. Bxe4 dxe4 30. Qf1 c5 31. Nb5 Qc6 32. Na7 Qe6 33. Nb5 Qf5 34. Be3 Rd3 35. Nc3 Red8 36. Rc1 f6 37. exf6 Qxf6 38. Nd1 Bg7 39. Nf2 Qe6 40. Rce1 Rc3 41. Kh2 a4 42. Bd2 Rf3 43. Re3 Qf6 44. Bc1 axb3 45. axb3 h5 46. Rxf3 exf3 47. Ne4 Bxe4 48. Rxe4 Qc3 0-1

[Event "Aligarh Pavna op"]
[Site "Aligarh"]
[Date "2016.05.19"]
[Round "4"]
[White "Kanyamarala, Tarun"]
[Black "Dutta, Joydeep"]
[Result "0-1"]
[WhiteElo "1691"]
[BlackElo "2217"]
[PlyCount "140"]
[EventDate "2016.05.17"]
[EventType "swiss"]
[EventRounds "9"]
[EventCountry "IND"]
[SourceTitle "CBM 172 Extra"]
[Source "ChessBase"]
[SourceDate "2016.06.21"]
[SourceVersion "1"]
[SourceVersionDate "2016.06.21"]
[SourceQuality "1"]

1. d4 d6 2. c4 e5 3. Nf3 Nc6 4. Nc3 Bg4 5. Be3 Nf6 6. h3 Bxf3 7. exf3 exd4 8. Bxd4 Nxd4 9. Qxd4 Be7 10. Be2 0-0 11. 0-0 Nd7 12. Nd5 Bf6 13. Nxf6+ Qxf6 14. Qxf6 Nxf6 15. Bd3 a5 16. Rfe1 Rfe8 17. Bc2 Nd7 18. f4 Nc5 19. g3 Kf8 20. Rad1 h6 21. Kf1 Rab8 22. a4 Ra8 23. Rxe8+ Rxe8 24. b3 Re7 25. h4 Ke8 26. Rd5 Kf8 27. Rd4 b6 28. Rd5 Ke8 29. Rd4 Na6 30. Rd3 Nc5 31. Rd5 Kd7 32. Bf5+ Ke8 33. Bc2 Kf8 34. Rd4 Re8 35. Rd2 Re7 36. Rd4 Ke8 37. Rd5 Rd7 38. Ke2 c6 39. Rd1 d5 40. cxd5 Rxd5 41. Ke3 Rxd1 42. Bxd1 Ke7 43. Kd4 Kd6 44. f5 f6 45. f4 b5 46. Bc2 bxa4 47. bxa4 Nd7 48. Bb3 Nb6 49. Bd1 Nd5 50. Bb3 Ne7 51. Bc2 Nc8 52. Bb3 Nb6 53. Bd1 Nd7 54. Bb3 Nc5 55. Bc2 Nd7 56. Bd1 Nb6 57. Bb3 c5+ 58. Kc3 c4 59. Bxc4 Nxa4+ 60. Kd4 Nc5 61. Ba2 a4 62. g4 Nb3+ 63. Kc4 Nc1 64. Bb1 a3 65. g5 a2 66. Bxa2 Nxa2 67. gxf6 gxf6 68. h5 Nc1 69. Kd4 Ne2+ 70. Ke3 Ng3 0-1

[Event "Ambalangoda Dhamso op 3rd"]
[Site "Ambalangoda"]
[Date "2013.02.24"]
[Round "8"]
[White "Dutta, Joydeep"]
[Black "Galappaththi, Chinthaka Anuruddh"]
[Result "1-0"]
[WhiteElo "2309"]
[BlackElo "2112"]
[PlyCount "80"]
[EventDate "2013.02.21"]
[EventType "swiss"]
[EventRounds "9"]
[EventCountry "SRI"]
[SourceTitle "CBM 153 Extra"]
[Source "ChessBase"]
[SourceDate "2013.04.22"]
[SourceVersion "1"]
[SourceVersionDate "2013.04.22"]
[SourceQuality "1"]

1. d4 g6 2. c4 Bg7 3. Nc3 d6 4. e4 Nc6 5. Be3 e5 6. d5 Nce7 7. h4 f5 8. h5 f4 9. Bd2 g5 10. g4 fxg3 11. fxg3 h6 12. Nh3 Nf6 13. Nf2 c6 14. Be3 c5 15. Be2 Bd7 16. a3 a6 17. b4 b6 18. Rb1 Rb8 19. Rb3 Qc7 20. Qd2 Nc8 21. Qb2 0-0 22. a4 Na7 23. Kd2 Be8 24. Rb1 Bxh5 25. g4 Bg6 26. bxc5 Nc8 27. cxb6 Qf7 28. b7 Ne7 29. Rb6 h5 30. Rxd6 hxg4 31. Rxf6 Bxf6 32. Bxg4 Qe8 33. c5 Qd8 34. Qb6 Kg7 35. Qxd8 Rfxd8 36. Ke2 Nxd5 37. Nxd5 Rxd5 38. exd5 Bxb1 39. c6 Bd8 40. d6 a5 1-0